Norwegian wood / (Record no. 355983)
[ view plain ]
| 000 -LEADER | |
|---|---|
| fixed length control field | 00271nam a2200109Ia 4500 |
| 008 - FIXED-LENGTH DATA ELEMENTS--GENERAL INFORMATION | |
| fixed length control field | 180219s9999 xx 000 0 und d |
| 020 ## - INTERNATIONAL STANDARD BOOK NUMBER | |
| International Standard Book Number | 375704027 |
| 100 ## - MAIN ENTRY--PERSONAL NAME | |
| Personal name | Murakami, Haruki |
| 245 ## - TITLE STATEMENT | |
| Title | Norwegian wood / |
| 260 ## - PUBLICATION, DISTRIBUTION, ETC. (IMPRINT) | |
| Place of publication, distribution, etc | USA : |
| Name of publisher, distributor, etc | Vintage books |
| Date of publication, distribution, etc | 2000 |
| 300 ## - PHYSICAL DESCRIPTION | |
| Extent | 296 pages |
| Withdrawn status | Lost status | Damaged status | Home library | Current library | Shelving location | Date acquired | Source of acquisition | Total Checkouts | Total Renewals | Full call number | Barcode | Date last seen | Date checked out | Price effective from | Koha item type |
|---|---|---|---|---|---|---|---|---|---|---|---|---|---|---|---|
| College Library | College Library | General Circulation Section | 02/19/2018 | 2 | 7 | PL 856.U673 .M972 2000 | c21256 | 08/16/2019 | 08/05/2019 | 02/19/2018 | Books |